| 000 | nam a22 a 4500 | ||
|---|---|---|---|
| 999 |
_c4746 _d4746 |
||
| 005 | 20170804100147.0 | ||
| 008 | 170804t2007 uk ||||| |||| 00| 0 eng d | ||
| 020 |
_a9780099484240 _cRM108.00 |
||
| 040 | _aAKMAL | ||
| 082 | _a364.1 NAIM | ||
| 090 |
_a364.1 _bNAIM |
||
| 100 | 1 |
_aNaím, Moisés _99071 |
|
| 245 |
_aIllicit : _bhow smugglers, traffickers and copycats are hijacking the global economy / _cMoisés Naím. |
||
| 260 |
_aUnited Kingdom _bArrow Books _c2007 |
||
| 300 |
_a340p _c25cm |
||
| 650 |
_aSocial Welfare _99072 |
||
| 942 |
_2ddc _cBOOK |
||